Viernes de trabajo y otros cuentos

Saved in:
Bibliografiske detaljer
Hovedforfatter: Montes Lira, León (autor)
Format: Bog
Sprog:spansk
Udgivet: Santiago Aguilar Chilena de Ediciones 1996
Udgivelse:1a. ed
Fag:
Tags: Tilføj Tag
Ingen Tags, Vær først til at tagge denne postø!

MARC

LEADER 00000nam a2200000 a 4500
001 UCH9772
003 CL-VaPUC
008 100121e19961200CL |||||||||||||||||spa|d
020 |a 9562390268 
082 0 4 |a Ch863  |b MON  |2 21 
100 |a Montes Lira, León  |e autor  |9 547035 
245 1 0 |a Viernes de trabajo y otros cuentos 
250 |a 1a. ed 
300 |a 206 p 
942 |c BK 
945 |d 20100121 00:00:00  |a dcastane 
260 |a Santiago  |b Aguilar Chilena de Ediciones  |c 1996 
650 0 |a Literatura chilena   |9 308278 
650 0 |a Cuentos chilenos   |9 308280 
583 |a last modification  |c 20100121 00:00:00  |k Rodrigo Vera 
999 |c 339661  |d 339659